LIBRARY & INFORMATION CENTRE, KCAET, TAVANUR

ONLINE PUBLIC ACCESS CATALOGUE (OPAC)

Food preservation and irradiation (Record no. 13750)

MARC details
000 -LEADER
fixed length control field 00298nam a22001217a 4500
020 ## - INTERNATIONAL STANDARD BOOK NUMBER
ISBN 9788176489263
082 ## - DEWEY DECIMAL CLASSIFICATION NUMBER
Classification number 664.027
Item number MAH/FO
100 ## - MAIN ENTRY--AUTHOR NAME
Personal name Mahindru, S.N
245 ## - TITLE STATEMENT
Title Food preservation and irradiation
260 ## - PUBLICATION, DISTRIBUTION, ETC. (IMPRINT)
Place of publication New Delhi
Name of publisher A P H Publishing corporation
Year of publication 2005
300 ## - PHYSICAL DESCRIPTION
Number of Pages 230
942 ## - ADDED ENTRY ELEMENTS (KOHA)
Koha item type Books
Holdings
Withdrawn status Lost status Damaged status Collection code Home library Current library Shelving location Date acquired Source of acquisition Cost, normal purchase price Full call number Accession Number Koha item type
      Non-fiction KAUAET KAUAET General Stacks 31/03/2012 Penta Book Distributors, Calicut 495.00 664.027 MAH/FO 22643 Books
free website counter